Statistiken für Deutsche Spieler mit den meisten Einsätzen in La Liga

Klicken Sie hier um das Quiz zu spielen!

Allgemein

  • Dieses Quiz wurde 107 mal gespielt
  • Das Durchschnittsergebnis liegt bei 7 aus 14

Antwortstatistiken

SpieleZeitraumVereineName% Korrekt
302seit 2014Real MadridToni Kroos
100%
275seit 2014BarcelonaMarc-André ter Stegen
97%
1052010–2013Real MadridMesut Özil
82%
59seit 2022Real MadridAntonio Rüdiger
81%
1022010–2015Real MadridSami Khedira
78%
752014-2023*Valencia, LevanteShkodran Mustafi
59%
3161980-1993Barcelona, Real Madrid,
Atletico
Bernd Schuster
50%
851973–1976Real MadridGünter Netzer
32%
841974–1977Real MadridPaul Breitner
28%
911996–2001Real MadridBodo Illgner
27%
2151977–1985Real MadridUli Stielike
17%
592011–2015FC SevillaPiotr Trochowski
14%
611978–1980ValenciaRainer Bonhof
9%
961982–1985AtleticoMirko Votava
1%

Verteilung der Resultate

Perzentil nach korrekt beantworteten Fragen

Anzahl Personen mit jedem Resultat

Ihre Resultats-Entwicklung

Sie haben dieses Quiz noch nicht gespielt